[Event "European Online Club-ch-A 2021"]
[Site "Online"]
[Date "2021.03.27"]
[Round "5.4"]
[White "Weissenhofer, Jonas"]
[Black "Arkell, Keith C"]
[Result "0-1"]
[WhiteElo "1719"]
[BlackElo "2381"]
[Annotator "NA"]
[PlyCount "46"]
[EventDate "2021.03.27"]
[EventType "team-tourn"]
[EventCountry "NET"]
[SourceTitle "playchess.com"]
[Source "ChessBase"]
[SourceQuality "1"]
[TimeControl "900+5"]

1. e4 {[%emt 0:00:03]} c6 {[%emt 0:00:24]} 2. d4 {[%emt 0:00:03]} d5 {[%emt 0:00:03]} 3. exd5 {[%emt 0:00:02]} cxd5 {[%emt 0:00:02]} 4. Bd3 {[%emt 0:00:01]} Nc6 {[%emt 0:00:02]} 5. c3 {[%emt 0:00:02]} Nf6 {[%emt 0:00:02]} 6. Bf4 {[%emt 0:00:02]} Bg4 {[%emt 0:00:04]} 7. Qb3 {[%emt 0:00:02]} Qd7 {[%emt 0:00:02]} 8. Nd2 {[%emt 0:00:03]} e6 {[%emt 0:00:02]} 9. Ngf3 {[%emt 0:00:03]} Bxf3 {[%emt 0:00:12]} 10. Nxf3 {[%emt 0:00:02]} Bd6 {[%emt 0:00:01]} 11. Bxd6 {[%emt 0:00:05]} Qxd6 {[%emt 0:00:02]} 12. O-O {[%emt 0:00:20]} O-O {[%emt 0:00:06]} 13. Rae1 {[%emt 0:00:20]} Qc7 {[%emt 0:00:11]} 14. Ne5 {[%emt 0:02:35]} Nxe5 {[%emt 0:00:21]} 15. Rxe5 {[%emt 0:00:14]} Rab8 {[%emt 0:00:36]} 16. f4 {[%emt 0:02:12]} g6 {[%emt 0:00:07]} 17. Qc2 {[%emt 0:02:35]} b5 {[%emt 0:00:07]} 18. f5 {[%emt 0:02:25]} Ng4 {[%emt 0:01:59]} 19. fxe6 {[%emt 0:04:46]} fxe6 {[%emt 0:02:25]} 20. Rxf8+ {[%emt 0:00:37]} Rxf8 {[%emt 0:00:08]} 21. Bxg6 {[%emt 0:00:04]} Nxe5 {[%emt 0:00:17]} 22. dxe5 {[%emt 0:00:05]} Qb6+ {[%emt 0:00:19]} 23. Kh1 {[%emt 0:00:04]} Rf1# {[%emt 0:00:03]} 0-1

[Event "European Online Club-ch-A 2021"]
[Site "Online"]
[Date "2021.03.27"]
[Round "5.5"]
[White "Hera, Imre Jr."]
[Black "Artemiev, Vladislav"]
[Result "1/2-1/2"]
[WhiteElo "2610"]
[BlackElo "2709"]
[Annotator "TA"]
[PlyCount "92"]
[EventDate "2021.03.27"]
[EventType "team-tourn"]
[EventCountry "NET"]
[SourceTitle "playchess.com"]
[Source "ChessBase"]
[SourceQuality "1"]

{[%evp 12,92,2,15,33,19,25,0,13,10,27,0,43,9,27,2,18,0,51,51,45,45,46,48,50,51,49,23,35,-23,-22,-29,-24,-45,-39,-53,-40,-40,-25,-56,-49,-49,-58,-50,-58,-58,-58,-91,-58,-85,-80,-85,-86,-113,-112,-103,-15,-15,0,0,0,0,0,0,0,0,0,0,0,0,0,0,0,0,0,0,0,0,0,0,0,0,0]} 1. e4 c5 2. Nc3 g6 3. g3 Bg7 4. Bg2 Nc6 5. d3 d6 6. Be3 e5 7. f4 exf4 {B26: Closed Sicilian: 3 g3, lines with early Be3.} 8. Bxf4 Nge7 9. Nf3 O-O 10. O-O d5 11. Qd2 {[#]} c4 $146 ({Predecessor:} 11... dxe4 12. Nxe4 c4 13. Bh6 Bxh6 14. Qxh6 Nf5 15. Qf4 cxd3 16. g4 Qb6+ 17. Kh1 Qe3 {½-½ (51) Li,R (2571)-Williams,J (2382) Philadelphia 2017}) 12. exd5 Nxd5 13. Nxd5 (13. Bh6 {looks sharper.} cxd3 14. cxd3 f6 15. Rae1 Nc7 16. Bf4) 13... Qxd5 14. Ng5 Qd8 ({Black should try} 14... Qc5+ $11 15. Kh1 cxd3 16. cxd3 Bf5) 15. dxc4 $14 Qxd2 16. Bxd2 Bxb2 {...Bd4+ is the strong threat.} 17. Rab1 Bd4+ 18. Kh1 Kg7 19. Bd5 {[%cal Rg5f7]} f6 20. Ne6+ (20. Ne4 $14) 20... Bxe6 $11 21. Bxe6 b6 22. Bf4 Bc5 23. Rbd1 Rad8 24. c3 Ne5 25. Rd5 Rde8 26. Bxe5 {Black must now prevent Rd7+.} Rxe6 27. Bd4 Bxd4 28. cxd4 $15 {[%mdl 4096] Endgame KRR-KRR} Re2 29. a3 Ra2 30. c5 bxc5 $1 (30... Rxa3 31. Rd7+ Kh6 32. c6 $16) 31. dxc5 Re8 $1 32. Rd7+ {[#]} Kh6 $1 33. Rd4 {[#]} Ree2 (33... Rc2 $1 $17 {And now ...Ree2 would win.} 34. Kg1 f5) 34. Rh4+ $11 {The position is equal.} Kg7 {aiming for ...Rec2.} 35. Rc1 g5 36. Rhc4 Rxh2+ 37. Kg1 Rag2+ {[%mdl 64] Double Attack} 38. Kf1 Rd2 {[%cal Rh2h1]} (38... Rb2 $5 39. Kg1 $8 h5 $11) 39. Kg1 Rhe2 40. c6 Rg2+ 41. Kh1 $1 Rh2+ 42. Kg1 Rdg2+ 43. Kf1 Ra2 {[%cal Rh2h1]} ({Wrong is} 43... Rxg3 $2 44. R1c2 $18 (44. c7 Rgg2 $11)) 44. Kg1 Rag2+ 45. Kf1 Ra2 {[%cal Rh2h1]} ({Don't blunder} 45... Rxg3 $2 46. R1c2 $18 (46. c7 Rgg2 $11)) 46. Kg1 Rag2+ {Weighted Error Value: White=0.13/Black=0.11} 1/2-1/2

[Event "European Online Club-ch-A 2021"]
[Site "Online"]
[Date "2021.03.27"]
[Round "5.6"]
[White "Kamsky, Gata"]
[Black "Nemeth, Miklos"]
[Result "0-1"]
[WhiteElo "2665"]
[BlackElo "2488"]
[Annotator "ChessBase"]
[PlyCount "140"]
[EventDate "2021.03.27"]
[EventType "team-tourn"]
[EventCountry "NET"]
[SourceTitle "playchess.com"]
[Source "ChessBase"]
[SourceQuality "1"]
[TimeControl "900+5"]

1. e4 {[%emt 0:00:00]} e5 {[%emt 0:00:04]} 2. Nf3 {[%emt 0:00:03]} Nc6 {[%emt 0:00:03]} 3. Bb5 {[%emt 0:00:02]} a6 {[%emt 0:00:09]} 4. Ba4 {[%emt 0:00:01]} Nf6 {[%emt 0:00:03]} 5. O-O {[%emt 0:00:02]} Be7 {[%emt 0:00:07]} 6. Re1 {[%emt 0:00:06]} b5 {[%emt 0:00:03]} 7. Bb3 {[%emt 0:00:01]} d6 {[%emt 0:00:02]} 8. c3 {[%emt 0:00:03]} O-O {[%emt 0:00:03]} 9. d4 {[%emt 0:00:02]} Bg4 {[%emt 0:00:04]} 10. d5 {[%emt 0:00:02]} Nb8 {[%emt 0:00:43]} 11. h3 {[%emt 0:00:13]} Bh5 {[%emt 0:00:28]} 12. Nbd2 {[%emt 0:00:16]} c5 {[%emt 0:00:36]} 13. dxc6 {[%emt 0:00:45]} Nxc6 {[%emt 0:00:07]} 14. Nf1 {[%emt 0:00:04]} Na5 {[%emt 0:00:10]} 15. Bc2 {[%emt 0:00:09]} Re8 {[%emt 0:01:10]} 16. Ng3 {[%emt 0:00:05]} Bg6 {[%emt 0:00:02]} 17. a4 {[%emt 0:01:01]} Qb6 {[%emt 0:00:59]} 18. Nh4 {[%emt 0:00:25]} b4 {[%emt 0:01:28]} 19. cxb4 {[%emt 0:02:41]} Nc6 {[%emt 0:00:21]} 20. b5 {[%emt 0:00:38]} axb5 {[%emt 0:00:08]} 21. Be3 {[%emt 0:00:37]} Qb7 {[%emt 0:01:14]} 22. Nxg6 {[%emt 0:00:32]} hxg6 {[%emt 0:00:06]} 23. h4 {[%emt 0:01:11]} Rec8 {[%emt 0:01:01]} 24. axb5 {[%emt 0:02:14]} Qxb5 {[%emt 0:00:57]} 25. Rxa8 {[%emt 0:00:07]} Rxa8 {[%emt 0:00:02]} 26. b3 {[%emt 0:00:42]} Nb4 {[%emt 0:00:43]} 27. Bb1 {[%emt 0:00:03]} Rc8 {[%emt 0:00:15]} 28. Bg5 {[%emt 0:00:16]} Qb6 {[%emt 0:00:59]} 29. Nf1 {[%emt 0:00:32]} Kf8 {[%emt 0:00:42]} 30. Nd2 {[%emt 0:00:11]} d5 {[%emt 0:01:03]} 31. exd5 {[%emt 0:00:06]} Bc5 {[%emt 0:00:59]} 32. Qf3 {[%emt 0:00:06]} Nbxd5 {[%emt 0:00:03]} 33. Nc4 {[%emt 0:00:09]} Qb4 {[%emt 0:00:53]} 34. Bd2 {[%emt 0:00:12]} Qb8 {[%emt 0:00:21]} 35. Nxe5 {[%emt 0:00:07]} Bb4 {[%emt 0:00:10]} 36. Qd3 {[%emt 0:02:04]} Bxd2 {[%emt 0:00:12]} 37. Qxd2 {[%emt 0:00:04]} Qxb3 {[%emt 0:00:11]} 38. Ba2 {[%emt 0:00:05]} Qc2 {[%emt 0:00:36]} 39. Qxc2 {[%emt 0:00:41]} Rxc2 {[%emt 0:00:02]} 40. Bxd5 {[%emt 0:00:02]} Nxd5 {[%emt 0:00:02]} 41. Nd7+ {[%emt 0:00:02]} Kg8 {[%emt 0:00:03]} 42. Re8+ {[%emt 0:00:03]} Kh7 {[%emt 0:00:02]} 43. g3 {[%emt 0:01:06]} Nf6 {[%emt 0:00:18]} 44. Nf8+ {[%emt 0:00:08]} Kh6 {[%emt 0:00:02]} 45. Re7 {[%emt 0:00:02]} g5 {[%emt 0:00:25]} 46. hxg5+ {[%emt 0:00:02]} Kxg5 {[%emt 0:00:02]} 47. Rxf7 {[%emt 0:00:03]} Kh6 {[%emt 0:00:31]} 48. Ne6 {[%emt 0:00:02]} Ng4 {[%emt 0:00:08]} 49. Kg2 {[%emt 0:00:37]} g6 {[%emt 0:00:03]} 50. Rf4 {[%emt 0:00:03]} Kh5 {[%emt 0:00:05]} 51. Rf8 {[%emt 0:00:08]} g5 {[%emt 0:00:05]} 52. Nd4 {[%emt 0:00:13]} Rb2 {[%emt 0:00:03]} 53. Nc6 {[%emt 0:00:09]} Kg6 {[%emt 0:00:04]} 54. Ne7+ {[%emt 0:00:04]} Kg7 {[%emt 0:00:02]} 55. Rf3 {[%emt 0:00:02]} Re2 {[%emt 0:00:04]} 56. Nf5+ {[%emt 0:00:02]} Kg6 {[%emt 0:00:03]} 57. Nd4 {[%emt 0:00:03]} Rd2 {[%emt 0:00:02]} 58. Ne6 {[%emt 0:00:03]} Re2 {[%emt 0:00:04]} 59. Nc5 {[%emt 0:00:03]} Rc2 {[%emt 0:00:05]} 60. Nd3 {[%emt 0:00:02]} Rd2 {[%emt 0:00:02]} 61. Nb4 {[%emt 0:00:07]} Rb2 {[%emt 0:00:02]} 62. Nd5 {[%emt 0:00:02]} Re2 {[%emt 0:00:09]} 63. Nc3 {[%emt 0:00:05]} Rc2 {[%emt 0:00:03]} 64. Ne4 {[%emt 0:00:05]} Re2 {[%emt 0:00:03]} 65. Nc5 {[%emt 0:00:03]} Rc2 {[%emt 0:00:07]} 66. Nd3 {[%emt 0:00:05]} Rd2 {[%emt 0:00:06]} 67. Nb4 {[%emt 0:00:19]} Ne5 {[%emt 0:00:14]} 68. Rf8 {[%emt 0:00:06]} Ng4 {[%emt 0:00:03]} 69. Nc6 {[%emt 0:00:03]} Kg7 {[%emt 0:00:09]} 70. Rf5 {[%emt 0:00:03]} Ne3+ {[%emt 0:00:04]} 0-1

[Event "European Online Club-ch-A 2021"]
[Site "Online"]
[Date "2021.03.27"]
[Round "5.7"]
[White "Kovacs, Gabor"]
[Black "Timofeev, Artyom"]
[Result "1/2-1/2"]
[WhiteElo "2455"]
[BlackElo "2594"]
[Annotator "ChessBase"]
[PlyCount "31"]
[EventDate "2021.03.27"]
[EventType "team-tourn"]
[EventCountry "NET"]
[SourceTitle "playchess.com"]
[Source "ChessBase"]
[SourceQuality "1"]
[TimeControl "900+5"]

1. d4 {[%emt 0:00:00]} Nf6 {[%emt 0:00:15]} 2. Nf3 {[%emt 0:00:17]} g6 {[%emt 0:00:06]} 3. g3 {[%emt 0:00:09]} Bg7 {[%emt 0:00:07]} 4. Bg2 {[%emt 0:00:02]} d5 {[%emt 0:00:03]} 5. O-O {[%emt 0:00:03]} O-O {[%emt 0:00:02]} 6. c4 {[%emt 0:00:09]} dxc4 {[%emt 0:00:04]} 7. Na3 {[%emt 0:00:05]} c6 {[%emt 0:00:51]} 8. Nxc4 {[%emt 0:00:10]} Be6 {[%emt 0:00:03]} 9. Qc2 {[%emt 0:00:36]} Qc8 {[%emt 0:00:44]} 10. Bd2 {[%emt 0:01:23]} Bd5 {[%emt 0:00:16]} 11. Rac1 {[%emt 0:00:50]} Nbd7 {[%emt 0:00:11]} 12. Rfe1 {[%emt 0:00:36]} Be4 {[%emt 0:00:05]} 13. Qb3 {[%emt 0:00:07]} Bd5 {[%emt 0:00:17]} 14. Qc2 {[%emt 0:00:03]} Be4 {[%emt 0:00:09]} 15. Qb3 {[%emt 0:00:02]} Bd5 {[%emt 0:00:07]} 16. Qc2 {[%emt 0:00:03]} 1/2-1/2

[Event "European Online Club-ch-A 2021"]
[Site "Online"]
[Date "2021.03.27"]
[Round "5.8"]
[White "Sharafiev, Azat"]
[Black "Csonka, Attila Istvan"]
[Result "0-1"]
[WhiteElo "2432"]
[BlackElo "2362"]
[Annotator "NA"]
[PlyCount "72"]
[EventDate "2021.03.27"]
[EventType "team-tourn"]
[EventCountry "NET"]
[SourceTitle "playchess.com"]
[Source "ChessBase"]
[SourceQuality "1"]
[TimeControl "900+5"]

1. d4 {[%emt 0:00:00]} Nf6 {[%emt 0:00:03]} 2. Nf3 {[%emt 0:00:02]} e6 {[%emt 0:00:02]} 3. Bg5 {[%emt 0:00:03]} h6 {[%emt 0:00:12]} 4. Bh4 {[%emt 0:00:02]} b6 {[%emt 0:00:13]} 5. Nbd2 {[%emt 0:00:17]} Bb7 {[%emt 0:00:09]} 6. e3 {[%emt 0:00:03]} c5 {[%emt 0:00:15]} 7. Bd3 {[%emt 0:00:13]} Be7 {[%emt 0:00:23]} 8. c3 {[%emt 0:00:19]} O-O {[%emt 0:00:24]} 9. O-O {[%emt 0:00:34]} d5 {[%emt 0:00:18]} 10. Ne5 {[%emt 0:01:12]} Nbd7 {[%emt 0:00:05]} 11. f4 {[%emt 0:00:17]} Ne4 {[%emt 0:00:17]} 12. Bxe7 {[%emt 0:03:10]} Qxe7 {[%emt 0:00:04]} 13. Qc2 {[%emt 0:01:50]} Ndf6 {[%emt 0:01:48]} 14. Nxe4 {[%emt 0:00:44]} dxe4 {[%emt 0:00:12]} 15. Bc4 {[%emt 0:00:04]} cxd4 {[%emt 0:00:13]} 16. exd4 {[%emt 0:00:26]} Rac8 {[%emt 0:00:08]} 17. f5 {[%emt 0:00:23]} Bd5 {[%emt 0:00:22]} 18. Bb3 {[%emt 0:00:40]} Rfd8 {[%emt 0:01:27]} 19. Qe2 {[%emt 0:00:22]} Bxb3 {[%emt 0:01:13]} 20. axb3 {[%emt 0:00:02]} a5 {[%emt 0:00:08]} 21. Qb5 {[%emt 0:00:39]} exf5 {[%emt 0:00:49]} 22. Qxb6 {[%emt 0:00:55]} Nd5 {[%emt 0:00:47]} 23. Qxa5 {[%emt 0:00:11]} Qg5 {[%emt 0:00:05]} 24. Qb5 {[%emt 0:01:22]} f4 {[%emt 0:03:05]} 25. Rf2 {[%emt 0:01:25]} f6 {[%emt 0:02:02]} 26. Nc6 {[%emt 0:00:23]} Rd6 {[%emt 0:01:33]} 27. Nb4 {[%emt 0:00:06]} Nxb4 {[%emt 0:00:07]} 28. Qxb4 {[%emt 0:00:03]} Rd5 {[%emt 0:00:10]} 29. Qb7 {[%emt 0:00:11]} Re8 {[%emt 0:00:14]} 30. Ra7 {[%emt 0:00:09]} f3 {[%emt 0:00:07]} 31. Qf7+ {[%emt 0:00:17]} Kh7 {[%emt 0:00:04]} 32. Qxe8 {[%emt 0:00:44]} Qc1+ {[%emt 0:00:05]} 33. Rf1 {[%emt 0:00:01]} Qe3+ {[%emt 0:00:02]} 34. Kh1 {[%emt 0:00:15]} fxg2+ {[%emt 0:00:03]} 35. Kxg2 {[%emt 0:00:03]} Rg5+ {[%emt 0:00:02]} 36. Kh1 {[%emt 0:00:04]} Qe2 {[%emt 0:00:08]} 0-1

[Event "European Online Club-ch-A 2021"]
[Site "Online"]
[Date "2021.03.27"]
[Round "5.9"]
[White "Jakubowski, Krzysztof"]
[Black "Rapport, Richard"]
[Result "0-1"]
[WhiteElo "2497"]
[BlackElo "2763"]
[Annotator "TA"]
[PlyCount "112"]
[EventDate "2021.03.27"]
[EventType "team-tourn"]
[EventCountry "NET"]
[SourceTitle "playchess.com"]
[Source "ChessBase"]
[SourceQuality "1"]

{[%evp 9,112,18,17,17,6,-5,0,0,0,-20,10,0,9,0,1,-14,-8,-6,-6,-14,-9,-42,-38,-39,-44,-64,-20,-22,0,-7,0,-11,-21,-16,-8,-23,0,0,0,-123,-105,-247,-250,-217,-229,-404,-401,-421,-419,-414,-403,-386,-389,-636,-531,-525,-534,-670,-537,-591,-606,-541,-357,-367,-367,-377,-355,-370,-365,-356,-355,-322,-313,-385,-383,-360,-372,-468,-456,-483,-485,-480,-466,-786,-774,-753,-727,-650,-642,-915,-915,-993,-979,-933,-909,-1226,-1187,-1281,-1250,-29978,-29979,-29976,-29977,-29980,-29981]} 1. e4 e5 2. Nf3 Nc6 3. Nc3 Nf6 4. Bb5 Bd6 5. O-O O-O 6. Re1 {C48: Four Knights: 4 Bb5, replies other than 4...Bb4.} Re8 7. h3 Nd4 $5 {[%mdl 4] A promising side line.} 8. Bc4 {The position is equal.} c6 9. a4 {[#]} Bc7 $146 ({Predecessor:} 9... Bb4 10. Nxd4 exd4 11. e5 d5 12. exf6 dxc4 13. Rxe8+ Qxe8 14. Ne2 d3 15. Ng3 Qe5 16. cxd3 cxd3 17. Qb3 Qd4 18. Ra3 Bc5 19. Nh1 {0-1 (19) Romano,J (1877)-Gomez Dieguez,A (2232) Famalicao 2017}) 10. Ba2 d6 11. d3 Be6 12. Bg5 Bxa2 13. Rxa2 Ne6 14. Bh4 Nf4 15. Nh2 Ng6 $1 {[%cal Rg6h4]} 16. Bg3 d5 17. Ng4 Nxg4 18. Qxg4 Ba5 {Threatens to win with ...d4.} 19. Rb1 dxe4 20. Nxe4 Qd5 21. Raa1 Rf8 22. Qh5 Rae8 23. b4 Bd8 24. a5 (24. Qf5 $11 {remains equal.}) 24... f5 $17 25. Nc5 {This costs White the game.} (25. Ng5 $17 {is a better defense.} Bxg5 26. Qxg5) 25... b6 $1 $19 {[%cal Rb6c5]} 26. axb6 axb6 $40 {[%mdl 128] Black wants a kill.} 27. Nb3 (27. c4 {was called for.} Qd4 28. Na6) 27... f4 28. Bh2 Nh4 $1 {[%csl Gh4][%cal Rd5g2]} 29. Qg4 Re6 {Hoping for ...Rg6.} 30. c4 {[#]} Qd6 {And now ...Rg6 would win.} ({Weaker is} 30... Qd7 {[#]} 31. Ra7 $1 $11) 31. g3 $2 {[#]} ({Don't go for} 31. Ra7 $2 Rg6 $19) (31. Kh1 Rg6 32. Qe2) 31... Rg6 $1 32. Qe2 e4 33. c5 exd3 {White must now prevent ...Qd5.} 34. cxd6 dxe2 35. Nd4 Rxd6 36. Nxe2 Nf3+ 37. Kg2 Nxh2 38. Kxh2 fxg3+ 39. Nxg3 Rxf2+ 40. Kg1 Rc2 41. Rd1 Rxd1+ 42. Rxd1 {[%mdl 4096] Endgame KRB-KRN} Be7 43. Nf5 Bxb4 44. Rd7 Bc5+ 45. Kh1 Rf2 46. Rxg7+ (46. Ne7+ $142 Bxe7 47. Rxe7) 46... Kf8 47. Rg5 b5 {[%cal Bb6b5,Bb5b4,Bb4b3][%mdl 32]} 48. Nh6 Bd4 49. Rg8+ Ke7 50. Rb8 Kd6 51. Rb7 Kc5 52. Nf7 b4 53. Nd8 Rf6 54. Rxh7 b3 {Black mates.} 55. Nb7+ Kb6 56. Nd6 Rxd6 {Weighted Error Value: White=0.48/Black=0.13} 0-1

[Event "European Online Club-ch-A 2021"]
[Site "Online"]
[Date "2021.03.27"]
[Round "5.10"]
[White "Bacrot, Etienne"]
[Black "Schmidek, Emil"]
[Result "1-0"]
[WhiteElo "2678"]
[BlackElo "2402"]
[Annotator "ChessBase"]
[PlyCount "145"]
[EventDate "2021.03.27"]
[EventType "team-tourn"]
[EventCountry "NET"]
[SourceTitle "playchess.com"]
[Source "ChessBase"]
[SourceQuality "1"]
[TimeControl "900+5"]

1. e4 {[%emt 0:00:00]} c6 {[%emt 0:00:05]} 2. Nf3 {[%emt 0:00:03]} d5 {[%emt 0:00:06]} 3. d3 {[%emt 0:00:02]} Bg4 {[%emt 0:00:07]} 4. Nbd2 {[%emt 0:00:10]} e6 {[%emt 0:00:17]} 5. h3 {[%emt 0:00:15]} Bxf3 {[%emt 0:00:02]} 6. Nxf3 {[%emt 0:01:22]} dxe4 {[%emt 0:00:03]} 7. dxe4 {[%emt 0:00:01]} Qxd1+ {[%emt 0:00:01]} 8. Kxd1 {[%emt 0:00:01]} Bc5 {[%emt 0:00:01]} 9. Ke1 {[%emt 0:00:11]} Nf6 {[%emt 0:00:27]} 10. Bd3 {[%emt 0:00:21]} h6 {[%emt 0:00:16]} 11. Ke2 {[%emt 0:01:36]} Nbd7 {[%emt 0:00:04]} 12. e5 {[%emt 0:00:18]} Nd5 {[%emt 0:00:12]} 13. c4 {[%emt 0:00:02]} Ne7 {[%emt 0:00:06]} 14. Bd2 {[%emt 0:00:24]} a5 {[%emt 0:00:07]} 15. g3 {[%emt 0:00:20]} Ng6 {[%emt 0:00:25]} 16. Bxg6 {[%emt 0:00:48]} fxg6 {[%emt 0:00:00]} 17. h4 {[%emt 0:00:04]} Ke7 {[%emt 0:00:20]} 18. Rhd1 {[%emt 0:00:05]} Rhf8 {[%emt 0:00:19]} 19. Bf4 {[%emt 0:00:28]} Rad8 {[%emt 0:01:22]} 20. Rd3 {[%emt 0:00:07]} Nb6 {[%emt 0:00:26]} 21. Rxd8 {[%emt 0:00:07]} Rxd8 {[%emt 0:00:22]} 22. b3 {[%emt 0:00:02]} Nd7 {[%emt 0:01:05]} 23. Bd2 {[%emt 0:00:15]} Bb4 {[%emt 0:00:57]} 24. Rd1 {[%emt 0:01:24]} Rf8 {[%emt 0:00:40]} 25. Be3 {[%emt 0:00:23]} Bc3 {[%emt 0:04:34]} 26. Rc1 {[%emt 0:00:50]} Bb2 {[%emt 0:01:15]} 27. Rc2 {[%emt 0:00:03]} Ba1 {[%emt 0:00:03]} 28. Bf4 {[%emt 0:00:07]} Rf5 {[%emt 0:00:39]} 29. Bd2 {[%emt 0:01:07]} Nxe5 {[%emt 0:00:24]} 30. Nxe5 {[%emt 0:00:03]} Rxe5+ {[%emt 0:00:09]} 31. Kd3 {[%emt 0:00:02]} Rf5 {[%emt 0:00:19]} 32. f4 {[%emt 0:00:26]} h5 {[%emt 0:00:14]} 33. Ke4 {[%emt 0:00:20]} c5 {[%emt 0:01:09]} 34. Bxa5 {[%emt 0:00:08]} e5 {[%emt 0:00:22]} 35. Bc7 {[%emt 0:00:10]} Kd7 {[%emt 0:00:48]} 36. Bb8 {[%emt 0:00:20]} Ke6 {[%emt 0:00:02]} 37. Rd2 {[%emt 0:01:11]} Bd4 {[%emt 0:00:05]} 38. a3 {[%emt 0:00:32]} g5 {[%emt 0:00:01]} 39. hxg5 {[%emt 0:01:16]} h4 {[%emt 0:00:02]} 40. Bxe5 {[%emt 0:00:01]} Bxe5 {[%emt 0:00:10]} 41. fxe5 {[%emt 0:00:13]} Rxe5+ {[%emt 0:00:02]} 42. Kf4 {[%emt 0:00:01]} hxg3 {[%emt 0:00:06]} 43. Rg2 {[%emt 0:00:02]} Rf5+ {[%emt 0:00:07]} 44. Kg4 {[%emt 0:00:04]} g6 {[%emt 0:00:11]} 45. Rxg3 {[%emt 0:00:06]} Rf1 {[%emt 0:00:01]} 46. Re3+ {[%emt 0:00:17]} Kd6 {[%emt 0:00:05]} 47. Rd3+ {[%emt 0:00:16]} Ke6 {[%emt 0:00:02]} 48. Re3+ {[%emt 0:00:55]} Kd6 {[%emt 0:00:02]} 49. Rh3 {[%emt 0:00:11]} Rg1+ {[%emt 0:00:06]} 50. Kf4 {[%emt 0:00:03]} Rf1+ {[%emt 0:00:02]} 51. Ke4 {[%emt 0:00:03]} Rg1 {[%emt 0:00:10]} 52. Rd3+ {[%emt 0:00:10]} Ke6 {[%emt 0:00:02]} 53. Rd5 {[%emt 0:00:04]} b6 {[%emt 0:00:06]} 54. Rd8 {[%emt 0:00:36]} Rg3 {[%emt 0:00:13]} 55. Rf8 {[%emt 0:00:02]} Rxg5 {[%emt 0:00:07]} 56. Rb8 {[%emt 0:00:01]} Rg4+ {[%emt 0:00:02]} 57. Kf3 {[%emt 0:00:03]} Rd4 {[%emt 0:00:03]} 58. Rxb6+ {[%emt 0:00:04]} Kf5 {[%emt 0:00:01]} 59. Rb5 {[%emt 0:00:07]} Rd3+ {[%emt 0:00:04]} 60. Ke2 {[%emt 0:00:02]} Ke4 {[%emt 0:00:02]} 61. a4 {[%emt 0:00:26]} Rh3 {[%emt 0:00:18]} 62. a5 {[%emt 0:00:05]} Rh2+ {[%emt 0:00:02]} 63. Kf1 {[%emt 0:00:06]} Kf3 {[%emt 0:00:03]} 64. Kg1 {[%emt 0:00:11]} Rg2+ {[%emt 0:00:02]} 65. Kh1 {[%emt 0:00:14]} Rb2 {[%emt 0:00:07]} 66. Rxc5 {[%emt 0:00:10]} Rxb3 {[%emt 0:00:02]} 67. Rg5 {[%emt 0:00:12]} Ra3 {[%emt 0:00:02]} 68. Kh2 {[%emt 0:00:10]} Ra4 {[%emt 0:00:13]} 69. Rg3+ {[%emt 0:00:13]} Ke4 {[%emt 0:00:09]} 70. Rg4+ {[%emt 0:00:02]} Kf5 {[%emt 0:00:06]} 71. Rg2 {[%emt 0:00:06]} Rxa5 {[%emt 0:00:04]} 72. Rc2 {[%emt 0:00:02]} Rc5 {[%emt 0:00:01]} 73. Kg3 {[%emt 0:00:06]} 1-0

[Event "European Online Club-ch-A 2021"]
[Site "Online"]
[Date "2021.03.27"]
[Round "5.12"]
[White "Naiditsch, Arkadij"]
[Black "Wintzer, Joachim"]
[Result "1-0"]
[WhiteElo "2649"]
[BlackElo "2274"]
[Annotator "ChessBase"]
[PlyCount "57"]
[EventDate "2021.03.27"]
[EventType "team-tourn"]
[EventCountry "NET"]
[SourceTitle "playchess.com"]
[Source "ChessBase"]
[SourceQuality "1"]
[TimeControl "900+5"]

1. e4 {[%emt 0:00:00]} c6 {[%emt 0:00:06]} 2. Nc3 {[%emt 0:00:11]} d5 {[%emt 0:00:03]} 3. Nf3 {[%emt 0:00:03]} Bg4 {[%emt 0:00:09]} 4. h3 {[%emt 0:00:02]} Bxf3 {[%emt 0:00:06]} 5. Qxf3 {[%emt 0:00:00]} e6 {[%emt 0:00:12]} 6. d3 {[%emt 0:00:01]} Nd7 {[%emt 0:00:39]} 7. Be2 {[%emt 0:00:29]} d4 {[%emt 0:02:19]} 8. Nb1 {[%emt 0:00:21]} e5 {[%emt 0:00:26]} 9. O-O {[%emt 0:00:05]} Ne7 {[%emt 0:00:23]} 10. c3 {[%emt 0:00:07]} c5 {[%emt 0:00:02]} 11. cxd4 {[%emt 0:00:51]} cxd4 {[%emt 0:00:02]} 12. Bd1 {[%emt 0:00:02]} Nc6 {[%emt 0:00:56]} 13. Qg3 {[%emt 0:00:17]} g6 {[%emt 0:00:31]} 14. f4 {[%emt 0:00:15]} Bg7 {[%emt 0:00:59]} 15. Bb3 {[%emt 0:00:21]} Na5 {[%emt 0:01:01]} 16. Bd5 {[%emt 0:00:29]} Nb6 {[%emt 0:00:03]} 17. b4 {[%emt 0:00:39]} Nc6 {[%emt 0:00:14]} 18. Bb3 {[%emt 0:00:19]} O-O {[%emt 0:02:28]} 19. f5 {[%emt 0:00:04]} Kh8 {[%emt 0:00:06]} 20. Ba3 {[%emt 0:00:29]} gxf5 {[%emt 0:01:33]} 21. Rxf5 {[%emt 0:00:13]} Ne7 {[%emt 0:00:07]} 22. Rh5 {[%emt 0:00:30]} Ng6 {[%emt 0:00:08]} 23. Kh2 {[%emt 0:00:49]} Rc8 {[%emt 0:00:09]} 24. b5 {[%emt 0:00:19]} Qd7 {[%emt 0:00:20]} 25. Bxf8 {[%emt 0:00:16]} Rxf8 {[%emt 0:00:24]} 26. Nd2 {[%emt 0:00:03]} Qxb5 {[%emt 0:00:04]} 27. Rf1 {[%emt 0:00:09]} Nf4 {[%emt 0:00:22]} 28. Qxf4 {[%emt 0:00:20]} Qxb3 {[%emt 0:00:10]} 29. Qf5 {[%emt 0:00:08]} 1-0